Aproximaciones en torno al artículo 1973 del Código Civil y Comercial (Registro nro. 31852)
[ vista simple ]
| 000 -LEADER | |
|---|---|
| fixed length control field | 00418 a2200121 4500 |
| 001 - CONTROL NUMBER | |
| control field | ART_50650 |
| 005 - DATE AND TIME OF LATEST TRANSACTION | |
| control field | 20260410162007.0 |
| 008 - FIXED-LENGTH DATA ELEMENTS--GENERAL INFORMATION | |
| fixed length control field | 260409a |
| 100 1# - MAIN ENTRY--PERSONAL NAME | |
| Personal name | Lamanna Guiñazú, Emiliano C. |
| 245 10 - TITLE STATEMENT | |
| Title | Aproximaciones en torno al artículo 1973 del Código Civil y Comercial |
| 700 1# - ADDED ENTRY--PERSONAL NAME | |
| Personal name | Fossaceca, Carlos Alberto (h) |
| 773 0# - HOST ITEM ENTRY | |
| Title | Temas de derecho civil |
| Related parts | - Año 6, N° 2 (feb. 2020) |
| Record control number | REV34778 |
No hay ítems disponibles.